000
00253nam a2200109Ia 4500
008
191206s9999 xx 000 0 und d
090
_a
PR2812.A2
245
0
_a
King Henry the Fifth
260
_a
Ginn
260
_c
c[1956]
300
_a
"viii, 88 p. 17 cm."
999
_c
16312
_d
16312